000 00235nam a22000857a 4500
008 170209b xxu||||| |||| 00| 0 eng d
100 _92839
_aCharle. E
245 _aDie Kline Grille Sight the Lead
260 _aLondon
_bDorling Kindersley
_c2002
999 _c6055
_d6055